000 00505nam a2200181Ia 4500
003 GCL
008 140319s9999 xx 000 0 ara d
040 _aGCL /
_cGCL
082 0 4 _a225
_bع ب
100 1 _aعباس بيومى عجلان
245 1 0 _aفى البلاغة والاداء الفنى /
_cعباس بيومى عجلان
300 _a277 ص\
490 _aكتاب
_v0
650 0 4 _aالاسلام
650 0 4 _aالبلاغة العربية
650 0 4 _aالقران
942 _2ddc
_cBK
999 _c41964
_d41964